Bonícula : una historia de misterio conejil (Registro nro. 9684)
[ vista simple ]
| 000 -CABECERA | |
|---|---|
| Longitud fija campo de control | 01057nam a2200301Ia 4500 |
| 003 - • IDENTIFICADOR DELl NÚMERO DE CONTROL | |
| Identificador del número de control | CO-BoRNBP |
| 005 - • FECHA Y HORA DE LA ÚLTIMA TRANSACCIÓN | |
| Fecha y hora de la última transacción | 20230830202121.0 |
| 007 - • CAMPO FIJO DE DESCRIPCIÓN FÍSICA | |
| Campo fijo de descripción física | ta |
| 008 - • CÓDIGOS DE INFORMACIÓN DE LONGITUD FIJA | |
| Códigos de información de longitud fija | 141031s9999 xx 000 0 und d |
| 020 ## - • NÚMERO INTERNACIONAL NORMALIZADO PARA LIBROS | |
| Número Internacional Normalizado para Libros (ISBN) | 9789681645465 |
| 040 ## - FUENTE DE LA CATALOGACIÓN | |
| Centro catalogador de origen | CO-BoRNBP |
| Lengua de catalogación | spa |
| Normas de descripción | rda |
| Centro transcriptor | CO-BoRNBP |
| 084 ## - • Clasificación Local Alfanúmerica PNLB | |
| Número de clasificación | N HOW2 |
| 100 10 - • PUNTO DE ACCESO PRINCIPAL-NOMBRE DE PERSONA | |
| Nombre de persona | Howe, Deborah |
| 245 ## - • TITULO PROPIAMENTE DICHO | |
| Título | Bonícula : una historia de misterio conejil |
| Mención de responsabilidad, etc. | Deborah y James Howe ; traducido por David Huerta ; ilustrado por Francisco Nava Bouchaín |
| 250 ## - • MENCIÓN DE EDICIÓN | |
| Mención de edición | 1a. edición |
| 264 ## - PRODUCCIÓN, PUBLICACIÓN , DISTRIBUCIÓN, FABRICACIÓN Y COPYRIGHT | |
| Lugar de producción, publicación, distribución, fabricación | México |
| Nombre del productor, editor, distribuidor, fabricante | Fondo de Cultura Económica |
| Fecha de de producción, publicación, distribución, fabricación o copyright | 2013 |
| 300 ## - • DESCRIPCIÓN FÍSICA | |
| Extensión | 91 páginas |
| Otras características físicas | ilustraciones |
| Dimensiones | 19 cm. |
| 336 ## - TIPO DE CONTENIDO | |
| Término de tipo de contenido | texto |
| Código de tipo de contenido | txt |
| Fuente | rdacontent |
| 337 ## - TIPO DE MEDIO | |
| Nombre del tipo de medio | sin mediación |
| Código del tipo de medio | n |
| Fuente | rdamedia |
| 338 ## - TIPO DE SOPORTE | |
| Nombre del tipo de soporte | volumen |
| Código del tipo de soporte | nc |
| Fuente | rdacarrier |
| 650 14 - • PUNTO DE ACCESO ADICIONAL DE MATERIA - TÉRMINO DE MATERIA | |
| Término de materia o nombre geográfico como elemento inicial | Novela infantil estadounidense |
| Fuente del encabezamiento o término | LEMB |
| 650 ## - • PUNTO DE ACCESO ADICIONAL DE MATERIA - TÉRMINO DE MATERIA | |
| Término de materia o nombre geográfico como elemento inicial | Autores Estadounidenses |
| Fuente del encabezamiento o término | LEMB |
| 650 ## - • PUNTO DE ACCESO ADICIONAL DE MATERIA - TÉRMINO DE MATERIA | |
| Término de materia o nombre geográfico como elemento inicial | Cuentos Estadounidenses |
| Fuente del encabezamiento o término | LEMB |
| 700 10 - • PUNTO DE ACCESO ADICIONAL - NOMBRE DE PERSONA | |
| Nombre de persona | Howe, James |
| 700 10 - • PUNTO DE ACCESO ADICIONAL - NOMBRE DE PERSONA | |
| Nombre de persona | Huerta, David |
| Término indicativo de función | traductor |
| 700 10 - • PUNTO DE ACCESO ADICIONAL - NOMBRE DE PERSONA | |
| Nombre de persona | Nava Bouchaín, Francisco |
| Término indicativo de función | ilustrador |
| 942 ## - ENTRADA DE ELEMENTOS AGREGADOS (KOHA) | |
| Fuente de clasificaión o esquema | |
| Koha [por defecto] tipo de item | LIbro |
| Perdido | Fuente de clasificación o esquema | Estado Físico | No para préstamo | Forma de adquisición | Localización permanente | Localización actual | Localización en estanterías | Fecha adquisición | Préstamos totales | Signatura completa | Código de barras | Fecha última consulta | Número de copia | Fecha del precio de reemplazo | Tipo de item de Koha | Serie de enumeración / cronolog&íacute;a | Note pública |
|---|---|---|---|---|---|---|---|---|---|---|---|---|---|---|---|---|---|
| Dewey Decimal Classification | Infantil | Biblioteca Pública Dorado | Biblioteca Pública Dorado | Sala Infantil | 10/25/2023 | N HOW2 | DOR03106 | 10/25/2023 | Ej.1 | 10/25/2023 | LIbro | ||||||
| Sala General | Biblioteca Pública Departamental Eduardo Carranza - Villavicencio | Biblioteca Pública Departamental Eduardo Carranza - Villavicencio | General | 08/06/2004 | N HOW2 | ECA15833 | 11/26/2024 | Ej.1 | 11/26/2024 | LIbro | Vol.1 | 141 | 166 | |||||
| Colección Sala Infantil de Literatura Pocatil y Tilín | Biblioteca Pública Departamental Eduardo Carranza - Villavicencio | Biblioteca Pública Departamental Eduardo Carranza - Villavicencio | General | 01/23/2015 | C HOW2 | ECAICM23775 | 11/26/2024 | Ej.1 | 11/26/2024 | LIbro | 17621 | 22580 |